[Event "St Petersburg Korchnoi Memorial op"]
[Site "St Petersburg"]
[Date "2024.08.20"]
[Round "6"]
[White "Shakuro, Petr E"]
[Black "Timerkhanov, Alexander"]
[Result "1/2-1/2"]
[WhiteElo "1950"]
[BlackElo "2291"]
[PlyCount "80"]
[EventDate "2024.08.17"]
[EventType "swiss"]
[EventRounds "9"]
[EventCountry "RUS"]
[SourceTitle "EXT 2025"]
[Source "ChessBase"]
[SourceDate "2024.10.14"]
[SourceVersion "1"]
[SourceVersionDate "2024.10.14"]
[SourceQuality "1"]

1. e4 c5 2. Nc3 a6 3. Nf3 d6 4. d4 cxd4 5. Nxd4 Nf6 6. Be2 e5 7. Nb3 Be6 8. Be3 Nbd7 9. g4 h6 10. f3 b5 11. Qd2 Qc7 12. 0-0-0 Nb6 13. Bxb6 Qxb6 14. h4 Rc8 15. f4 b4 16. Nd5 Bxd5 17. exd5 Ne4 18. Qe1 Nf2 19. Bxa6 Ra8 20. Bb5+ Kd8 21. Bc6 Rxa2 22. Kb1 Ra6 23. fxe5 Nxd1 24. exd6 Bxd6 25. Qxd1 Be5 26. Re1 f6 27. Qd3 Ra7 28. Qf5 Re7 29. Re4 Ra7 30. Rxe5 fxe5 31. Qxe5 Qc7 32. Qf5 Qe7 33. Qf4 Kc8 34. d6 Qe1+ 35. Nc1 b3 36. d7+ Rxd7 37. Bxd7+ Kxd7 38. Qd4+ Ke6 39. Qb6+ Kd7 40. Qb7+ Kd6 1/2-1/2

[Event "St Petersburg Korchnoi Memorial op"]
[Site "St Petersburg"]
[Date "2024.08.18"]
[Round "4"]
[White "Pak, Polina"]
[Black "Timerkhanov, Alexander"]
[Result "1/2-1/2"]
[WhiteElo "1924"]
[BlackElo "2291"]
[PlyCount "83"]
[EventDate "2024.08.17"]
[EventType "swiss"]
[EventRounds "9"]
[EventCountry "RUS"]
[SourceTitle "CBM 221 Extra"]
[Source "ChessBase"]
[SourceDate "2024.09.30"]
[SourceVersion "1"]
[SourceVersionDate "2024.09.30"]
[SourceQuality "1"]

1. d4 d5 2. c4 e6 3. Nc3 h6 4. Nf3 Nf6 5. Bf4 Bd6 6. Bxd6 Qxd6 7. e3 0-0 8. Rc1 a6 9. Qc2 c5 10. dxc5 Qxc5 11. cxd5 exd5 12. Be2 Nc6 13. 0-0 Bg4 14. Qb3 Qb4 15. Qxb4 Nxb4 16. Rfd1 Rfd8 17. h3 Bh5 18. Nd4 Bxe2 19. Ndxe2 Rac8 20. Rd2 Nc6 21. Rcd1 Ne7 22. e4 Re8 23. e5 Ne4 24. Rd4 Nxc3 25. Nxc3 Nc6 26. Rxd5 Nxe5 27. R1d4 Nc4 28. Rd7 b5 29. Ra7 Ra8 30. Rxa8 Rxa8 31. b3 Ne5 32. a4 Rc8 33. Nd5 Rc1+ 34. Kh2 Rc2 35. axb5 axb5 36. Re4 Nd3 37. Nb4 Nxb4 38. Rxb4 Rxf2 39. Rxb5 Rb2 40. Kg3 g5 41. Kf3 Kg7 42. g4 1/2-1/2

[Event "Titled Tuesday intern op 13th Aug Early"]
[Site "Chess.com INT"]
[Date "2024.08.13"]
[Round "5"]
[White "Rouast, Joseph"]
[Black "Timerkhanov, Alexander"]
[Result "1-0"]
[WhiteElo "2123"]
[BlackElo "2291"]
[PlyCount "67"]
[EventDate "2024.08.13"]
[EventType "swiss (blitz)"]
[EventRounds "11"]
[EventCountry "USA"]
[SourceTitle "EXT 2025"]
[Source "ChessBase"]
[SourceDate "2024.10.14"]
[SourceVersion "1"]
[SourceVersionDate "2024.10.14"]
[SourceQuality "1"]

1. e4 c5 2. Nf3 d6 3. c3 Nf6 4. Bd3 Nbd7 5. 0-0 g6 6. Bc2 c4 7. b3 b5 8. a4 cxb3 9. Bxb3 bxa4 10. Rxa4 Nc5 11. Rb4 a5 12. Rd4 Nxb3 13. Qxb3 Bg7 14. e5 Nd7 15. exd6 e6 16. Rh4 0-0 17. d4 Ba6 18. Re1 Nf6 19. Bf4 Nd5 20. Be5 f6 21. Bg3 Qd7 22. Rhe4 Rab8 23. Qc2 Bc4 24. Nbd2 Rfc8 25. Nxc4 Rxc4 26. Rxe6 Kh8 27. Qa2 Rbc8 28. Qxa5 Nxc3 29. Re7 Qc6 30. d7 Rg8 31. d8Q Ra4 32. Qxg8+ Kxg8 33. Qd8+ Bf8 34. Re8 1-0